000 00493nam a2200181Ia 4500
005 20250508154258.0
008 008 250505s9999 xx 000 0 eng d
037 _aTextual
040 _aFEDL
_beng
_cFEDL
041 _aeng
_2eng
084 _a375, HEA
_qFEDL
100 _aHeath Robert W Ed.
_9765227
245 0 _aNew curricula
260 _aNew York, USA
_bHarper and Row Publisher
_c1964
300 _aviii,292p.
942 _cTEXL
_h375, HEA
999 _c1349333
_d1349333